[Event "27. Friedensfest-Open (AFRO-A)"]
[Site "Augsburg"]
[Date "2022.08.04"]
[Round "1.5"]
[White "Kraemer, Max"]
[Black "Scheftlein, Richard"]
[Result "0-1"]
[WhiteElo "2059"]
[BlackElo "2285"]
[EventDate "2022.08.04"]
[WhiteTeam "SK Caissa Augsburg"]
[BlackTeam "Erfurter SK"]

1.d4 Nf6 2.c4 e6 3.Nc3 Bb4 4.e3 O-O 5.Ne2 d5 6.a3 Be7 7.Ng3 c6 8.cxd5 exd5
9.Bd3 Re8 10.O-O Nbd7 11.Qc2 Nb6 12.Na4 Nxa4 13.Qxa4 Bd6 14.Nf5 Bc7 15.f3 
g6 16.Ng3 Qd6 17.Bd2 a5 18.b4 Nh5 19.f4 Nxg3 20.hxg3 b5 21.Qc2 Bd7 22.Kf2 
Bb6 23.Rh1 axb4 24.Bxb4 Qe6 25.Rhe1 Qf6 26.Rac1 h5 27.Be2 Rxe3 28.Bc5 Bxc5
29.Qxc5 Qe7 30.Qxe7 Rxe7 31.Rc3 Kf8 32.Bd3 Rxe1 33.Kxe1 Ra4 34.Kd2 Rxd4 
35.Ke3 Ra4 0-1

[Event "27. Friedensfest-Open (AFRO-A)"]
[Site "Augsburg"]
[Date "2022.08.04"]
[Round "1.8"]
[White "Hauser, Carlos, Dr."]
[Black "Mayer, Arnd"]
[Result "1/2-1/2"]
[WhiteElo "2253"]
[BlackElo "2036"]
[EventDate "2022.08.04"]
[WhiteTeam "SV 1947 Walldorf"]
[BlackTeam "SV Jedesheim 1921"]

1.d4 Nf6 2.c4 e6 3.Nc3 Bb4 4.e3 O-O 5.Bd2 d5 6.Nf3 c5 7.a3 Bxc3 8.Bxc3 b6 
9.Bd3 Nbd7 10.O-O Bb7 11.b4 cxd4 12.Bxd4 dxc4 13.Bxc4 Rc8 14.Rc1 Rxc4 15.
Rxc4 Ba6 16.Rc1 Bxf1 17.Qxf1 Qb8 18.Qc4 Rd8 19.Qc7 Ne8 20.Qxb8 Rxb8 21.Bb2
f6 22.Nd4 e5 23.Nc6 Ra8 24.f4 exf4 25.exf4 b5 26.Rd1 Nb6 27.Bd4 Nc4 28.
Bxa7 Ned6 29.Bc5 Ne4 30.Ne7+ Kf7 31.Rd7 Rxa3 32.h3 Ke6 33.Rb7 Ncd6 34.f5+ 
Nxf5 35.Nxf5 Kxf5 36.Rxg7 Ra1+ 37.Kh2 Nxc5 38.bxc5 Rc1 39.Rxh7 b4 40.Rb7 
Rc4 41.Rb6 Ke5 42.g4 f5 43.gxf5 1/2-1/2

[Event "27. Friedensfest-Open (AFRO-A)"]
[Site "Augsburg"]
[Date "2022.08.06"]
[Round "5.7"]
[White "Portnov, Dmytro"]
[Black "Martin, Mike"]
[Result "0-1"]
[WhiteElo "1531"]
[BlackElo "2121"]
[EventDate "2022.08.04"]
[Time "09:30:00"]
[WhiteTeam "SC Weisse Dame Ulm e.V."]
[BlackTeam "SV Worms 1878"]

1.d4 Nf6 2.c4 e6 3.Nc3 Bb4 4.e3 O-O 5.Bd3 c5 6.Ne2 Nc6 7.O-O cxd4 8.exd4 
Bxc3 9.Nxc3 Nxd4 10.Bxh7+ Nxh7 11.Qxd4 b6 12.Rd1 Ba6 13.b3 Qf6 14.Ba3 Rfe8
15.Ne4 Qg6 16.Nd6 e5 17.Qe4 Qxe4 18.Nxe4 Bb7 19.Nd6 Reb8 20.Nb5 Rc8 21.
Rxd7 Bc6 22.Re7 Bxb5 23.cxb5 f6 24.Rc1 Rxc1+ 25.Bxc1 Rd8 26.Kf1 Rd1+ 27.
Ke2 Rxc1 28.Rxa7 Rc2+ 29.Kd3 Rxf2 30.a4 e4+ 31.Kxe4 f5+ 32.Ke5 Rxg2 33.a5 
Rc2 34.axb6 Rc5+ 35.Kd6 Rxb5 36.b7 Nf8 37.Kc7 Ne6+ 38.Kd6 Rb6+ 39.Kd5 Nf8 
40.b4 Nd7 41.Ra8+ Kh7 42.b5 Nf6+ 43.Kc5 Nd7+ 44.Kd5 f4 45.Rd8 Rxb7 46.Kc6 
Rb6+ 47.Kxd7 Rxb5 48.Ke6 Kg6 49.Rd7 Rf5 50.Rd1 Ra5 51.Rd7 Kh6 52.h3 g6 53.
Rd3 Rf5 54.Rf3 Kg5 55.Ke7 Re5+ 56.Kf7 Re3 57.h4+ Kf5 58.Rf1 f3 59.Kg7 Kg4 
60.Kxg6 Kxh4 61.Kf5 Kg3 62.Rg1+ Kh2 63.Rg4 f2 64.Kf4 Rh3 0-1

[Event "27. Friedensfest-Open (AFRO-A)"]
[Site "Augsburg"]
[Date "2022.08.05"]
[Round "4.23"]
[White "Knoll, Georg"]
[Black "Nowak, Maciej"]
[Result "1/2-1/2"]
[WhiteElo "1985"]
[BlackElo "1642"]
[EventDate "2022.08.04"]
[Time "15:30:00"]
[WhiteTeam "VfL Leipheim 1898"]
[BlackTeam "?"]

1.d4 Nf6 2.c4 e6 3.Nc3 Bb4 4.e3 c5 5.a3 Bxc3+ 6.bxc3 O-O 7.Bd3 d6 8.Nf3 
Nc6 9.e4 Nd7 10.O-O e5 11.d5 Na5 12.Bg5 f6 13.Bh4 b6 14.Nd2 Rf7 15.Nb3 
Nxb3 16.Qxb3 Nf8 17.Bg3 Ng6 18.f4 exf4 19.Bxf4 Ne5 20.Bxe5 fxe5 21.Rxf7 
Kxf7 22.Qd1 Bd7 23.Qf3+ Kg8 24.Rf1 Qe7 25.Bc2 Rf8 26.Qxf8+ Qxf8 27.Rxf8+ 
Kxf8 28.Kf2 Ke7 29.Kg3 g5 30.Bd1 Kf6 31.Kf3 h5 32.Ke3 Kg6 33.h3 Kh6 34.Kf2
Be8 35.Ke3 Kg7 36.g3 Kf6 37.h4 g4 38.Kd3 Ke7 39.Bb3 Kd8 40.Bc2 Kc7 41.Kd2 
Kb7 42.Kc1 Ka6 43.Kb2 Ka5 44.Bd3 Bd7 45.Be2 Ba4 46.Kc1 Bb3 47.Kb2 Ba4 48.
Kc1 Bd7 49.Kb2 a6 50.Kb3 Be8 51.Kb2 Bg6 52.Bd3 b5 53.Bc2 Be8 54.Kb3 Bd7 
55.Bd1 Kb6 56.Kb2 a5 57.Kb3 a4+ 58.Kb2 Ka5 59.cxb5 Bxb5 60.Kc2 Kb6 61.Kd2 
Kc7 62.Be2 Kb6 63.c4 Be8 64.Kd3 Bg6 65.Ke3 Ka5 1/2-1/2

[Event "27. Friedensfest-Open (AFRO-A)"]
[Site "Augsburg"]
[Date "2022.08.05"]
[Round "3.1"]
[White "Scheftlein, Richard"]
[Black "Smith, Bryan"]
[Result "1/2-1/2"]
[WhiteElo "2285"]
[BlackElo "2414"]
[EventDate "2022.08.04"]
[Time "09:30:00"]
[WhiteTeam "Erfurter SK"]
[BlackTeam "?"]

1.d4 Nf6 2.c4 e6 3.Nc3 Bb4 4.Qc2 b6 5.e4 c5 6.e5 cxd4 7.a3 Bxc3+ 8.bxc3 
Ng8 9.cxd4 Bb7 10.h4 Ne7 11.h5 h6 12.Rh4 Nf5 13.Rg4 Nc6 14.Bb2 Rc8 15.Bd3 
Nce7 16.Qe2 d5 17.exd6 Qxd6 18.Nf3 O-O 19.Kf1 f6 20.Re1 Kf7 21.Kg1 Rfe8 
22.Be4 Ba6 23.Bd3 Bb7 24.Be4 Ba6 25.Bd3 1/2-1/2

[Event "27. Friedensfest-Open (AFRO-A)"]
[Site "Augsburg"]
[Date "2022.08.04"]
[Round "1.41"]
[White "Cordes, Jule Johanne"]
[Black "Frenkel, Matthias"]
[Result "1-0"]
[WhiteElo "1802"]
[BlackElo "1667"]
[EventDate "2022.08.04"]
[WhiteTeam "Bielefelder SK von 1883"]
[BlackTeam "SK Kriegshaber"]

1.d4 Nf6 2.c4 e6 3.Nc3 d5 4.Bg5 Be7 5.e3 b6 6.cxd5 exd5 7.Bd3 Ba6 8.Bxa6 
Nxa6 9.Qa4+ Qd7 10.Qxa6 Qg4 11.Qb5+ Kf8 12.Bxf6 Bxf6 13.Qxd5 Re8 14.Nge2 
g6 15.Qf3 Qe6 16.O-O c6 17.Rfd1 Kg7 18.d5 cxd5 19.Rxd5 Re7 20.Rad1 Be5 21.
R5d3 Rc8 22.Nd4 Qc4 23.Qd5 Qc7 24.Nf3 Bf6 25.Qb5 Qb7 26.Nd5 Rc5 27.Qb3 Re6
28.Nxf6 Rxf6 29.Rd5 Rc7 30.Qd3 Qa8 31.Qd4 Qc6 32.Ne5 Qc2 33.Ng4 Rc6 34.
Nxf6 Rxf6 35.f3 h6 36.Rd6 Qf5 37.Qxf6+ Qxf6 38.Rxf6 Kxf6 1-0

[Event "27. Friedensfest-Open (AFRO-A)"]
[Site "Augsburg"]
[Date "2022.08.04"]
[Round "2.15"]
[White "Seisenberger, Georg"]
[Black "Dannehr, Juergen"]
[Result "1-0"]
[WhiteElo "2085"]
[BlackElo "1922"]
[EventDate "2022.08.04"]
[Time "15:30:00"]
[WhiteTeam "SV Ilmmuenster"]
[BlackTeam "SV Gifhorn"]

1.d4 Nf6 2.c4 e6 3.Nc3 d5 4.Bg5 Be7 5.cxd5 exd5 6.e3 c6 7.Bd3 Nbd7 8.Nge2 
O-O 9.Qc2 Re8 10.O-O Nf8 11.f3 h6 12.Bh4 Ne6 13.Bf2 a6 14.Rad1 Bf8 15.h3 
Nh5 16.g4 Nf6 17.Kg2 b5 18.Ng3 Bb7 19.Qd2 Qc7 20.Bb1 g6 21.Nce2 Rad8 22.h4
Bg7 23.Rh1 c5 24.h5 g5 25.Nf5 cxd4 26.Nexd4 Nxd4 27.exd4 Bf8 28.Bg3 Qb6 
29.Rc1 Rc8 30.Rce1 Rxe1 31.Rxe1 Re8 32.Be5 Bc8 33.Qd3 Bxf5 34.Qxf5 Bg7 35.
Bxf6 Rxe1 36.Qh7+ Kf8 37.Qxg7+ Ke8 38.Bf5 1-0

[Event "27. Friedensfest-Open (AFRO-A)"]
[Site "Augsburg"]
[Date "2022.08.04"]
[Round "1.2"]
[White "Grimberg, Boris"]
[Black "Poniatowski, Pawel"]
[Result "1-0"]
[WhiteElo "2328"]
[BlackElo "2071"]
[EventDate "2022.08.04"]
[WhiteTeam "SAbt TSV Haunstetten"]
[BlackTeam "SK Klosterlechfeld"]

1.d4 Nf6 2.c4 e6 3.Nc3 d5 4.cxd5 exd5 5.Bg5 Be7 6.e3 c6 7.Bd3 Ne4 8.Bxe7 
Qxe7 9.Bxe4 dxe4 10.Qc2 f5 11.Nge2 Na6 12.O-O O-O 13.a3 Rf6 14.Rad1 Rh6 
15.g3 Qf7 16.d5 c5 17.h4 Bd7 18.Nf4 Kh8 19.Qb3 Rb6 20.Qc2 Rg8 21.Kg2 Rc8 
22.Rd2 Rd6 23.Rfd1 b5 24.Nce2 b4 25.Qc4 Qe8 26.h5 Bb5 27.Qc1 c4 28.Nd4 c3 
29.bxc3 bxc3 30.Ra2 Bd3 31.Nde6 Rb6 32.Nxd3 exd3 33.Rxd3 Rxe6 34.dxe6 Qxe6
35.Qc2 h6 36.Ra1 Qc6+ 37.Kg1 Qc5 38.Rc1 1-0

[Event "27. Friedensfest-Open (AFRO-A)"]
[Site "Augsburg"]
[Date "2022.08.06"]
[Round "5.26"]
[White "Nowak, Maciej"]
[Black "Notz, Lukas"]
[Result "1/2-1/2"]
[WhiteElo "1642"]
[BlackElo "1950"]
[EventDate "2022.08.04"]
[Time "09:30:00"]
[WhiteTeam "?"]
[BlackTeam "SV Dettingen Erms"]

1.d4 Nf6 2.c4 e6 3.Nc3 d5 4.cxd5 exd5 5.Bg5 Nbd7 6.e3 c6 7.Bd3 Be7 8.Qc2 
O-O 9.Nge2 Re8 10.O-O Nf8 11.f3 Be6 12.Rae1 Rc8 13.Kh1 c5 14.dxc5 Rxc5 15.
Nd4 h6 16.Bh4 a6 17.Rc1 N6d7 18.Bg3 b5 19.Qd2 Nb6 20.b3 Rc8 21.Nce2 Qd7 
22.Qa5 Qb7 23.Nf5 Bxf5 24.Bxf5 Rxc1 25.Rxc1 Bd8 26.Qd2 Qe7 27.Bf2 Qe5 28.
Bb1 Nbd7 29.Nf4 Nf6 30.Rd1 Bb6 31.Re1 N8d7 32.Nd3 Qh5 33.Bg3 d4 34.exd4 
Rxe1+ 35.Nxe1 Qd5 36.Bf2 Nf8 37.Nc2 a5 38.Qf4 Qe6 39.Qe3 Nd5 40.Qd2 b4 41.
Ne3 Nc3 42.Bf5 Qd6 43.Nc4 Qf6 44.Be4 Bc7 45.a4 Ne6 46.Bb7 Qg6 47.Be4 Qh5 
48.h4 Nf4 49.g4 Nxe4 50.gxh5 Nxd2 51.Nxd2 Nd3 52.Be3 f5 53.Nc4 f4 54.Bd2 
Kf7 55.Kg2 Ke6 56.Kh3 Nf2+ 1/2-1/2

[Event "27. Friedensfest-Open (AFRO-A)"]
[Site "Augsburg"]
[Date "2022.08.06"]
[Round "6.16"]
[White "Parsch, Christian"]
[Black "Zeier, Klaus"]
[Result "1/2-1/2"]
[WhiteElo "1879"]
[BlackElo "2161"]
[EventDate "2022.08.04"]
[Time "15:30:00"]
[WhiteTeam "SC Roter Turm Altstadt"]
[BlackTeam "SK 1926 Ettlingen"]

1.d4 Nf6 2.c4 e6 3.Nf3 d5 4.g3 Be7 5.Bg2 O-O 6.O-O dxc4 7.Qc2 a6 8.a4 Bd7 
9.Rd1 Bc6 10.Nc3 Bxf3 11.Bxf3 c6 12.a5 Nbd7 13.e4 Qc7 14.e5 Nd5 15.Ne4 c5 
16.Nd6 Bxd6 17.exd6 Qxd6 18.Qxc4 Rac8 19.b3 Rfe8 20.Ba3 Qc6 21.Rac1 b5 22.
axb6 N7xb6 23.Qxc5 Qb7 24.Qa5 Nd7 25.Qa4 Qb5 26.Qxb5 axb5 27.Bd6 Nc3 28.
Re1 Nf6 29.Kg2 Nfd5 30.Bc5 Ra8 31.Ra1 Reb8 32.Rec1 Rxa1 33.Rxa1 g6 34.b4 
Na4 35.Bxd5 exd5 36.Re1 Nc3 37.Re3 Na4 38.Re5 Rd8 39.Kf3 Kg7 40.Ke2 h6 41.
h4 Nc3+ 42.Kd3 Ne4 43.Ke3 Nd6 44.Bxd6 Rxd6 45.Kd3 Kf8 46.Re2 Rc6 47.Re5 
Rc4 48.Rxd5 Rxb4 49.Rd7 Rb2 50.Ke3 b4 51.Rb7 h5 52.d5 Rb1 53.d6 Rd1 54.
Rb8+ Kg7 55.Rxb4 Rxd6 1/2-1/2

[Event "27. Friedensfest-Open (AFRO-A)"]
[Site "Augsburg"]
[Date "2022.08.04"]
[Round "2.18"]
[White "Parsch, Christian"]
[Black "Hermann, Tobias"]
[Result "0-1"]
[WhiteElo "1879"]
[BlackElo "2060"]
[EventDate "2022.08.04"]
[Time "15:30:00"]
[WhiteTeam "SC Roter Turm Altstadt"]
[BlackTeam "SF Schwaigern"]

1.d4 Nf6 2.c4 e6 3.Nf3 d5 4.g3 Be7 5.Bg2 O-O 6.O-O dxc4 7.Qc2 a6 8.a4 Bd7 
9.Qxc4 Bc6 10.Bg5 Bd5 11.Qc1 c5 12.dxc5 Qa5 13.Nc3 Bc6 14.Qc2 Nbd7 15.Rab1
Bxc5 16.e4 Bb4 17.Bxf6 Nxf6 18.e5 Bxc3 19.bxc3 Be4 20.Qb3 Bxb1 21.Qxb1 Nd5
22.Ng5 g6 23.Ne4 Rac8 24.Qc1 Kg7 25.c4 Qxa4 26.Nd6 Rc6 27.c5 Qd4 28.Nxb7 
Qxe5 29.Na5 Rc7 30.Qc4 Ne3 31.fxe3 Rxc5 32.Qxa6 Rxa5 33.Qe2 Ra1 34.Qf3 
Rxf1+ 35.Bxf1 Rc8 36.h4 Rc1 37.Kf2 Qa1 38.Be2 Rg1 39.Qg4 Qe1+ 40.Kf3 Rf1+ 
0-1

[Event "27. Friedensfest-Open (AFRO-A)"]
[Site "Augsburg"]
[Date "2022.08.05"]
[Round "4.1"]
[White "Nasshan, Dennis"]
[Black "Vuckovic, Zarko"]
[Result "1/2-1/2"]
[WhiteElo "2312"]
[BlackElo "2286"]
[EventDate "2022.08.04"]
[Time "15:30:00"]
[WhiteTeam "SV Worms 1878"]
[BlackTeam "SF Augsburg"]

1.d4 Nf6 2.c4 e6 3.Nf3 d5 4.Nc3 Be7 5.Bf4 O-O 6.e3 Nbd7 7.c5 Nh5 8.Bd3 
Nxf4 9.exf4 Bf6 10.Qc2 g6 11.h4 Bg7 12.h5 c6 13.hxg6 hxg6 14.O-O b6 15.b4 
bxc5 16.bxc5 Qa5 17.Ne5 Nxe5 18.fxe5 Bd7 19.Rab1 Rab8 20.Ne2 Rfc8 21.g3 
Be8 22.Kg2 Bh6 23.f4 Bf8 24.Ng1 Rb4 25.Rxb4 Qxb4 26.Nf3 Rb8 27.Rb1 Qxb1 
28.Qxb1 Rxb1 29.Bxb1 Be7 30.g4 Bd8 31.Bd3 Bd7 32.a4 Ba5 33.Kf2 Bb4 34.g5 
Ba3 35.Kg3 Bc1 36.Kg4 1/2-1/2

[Event "27. Friedensfest-Open (AFRO-A)"]
[Site "Augsburg"]
[Date "2022.08.07"]
[Round "7.8"]
[White "Gode, Gero"]
[Black "Manko, Mariya"]
[Result "0-1"]
[WhiteElo "1754"]
[BlackElo "2087"]
[EventDate "2022.08.04"]
[Time "09:30:00"]
[WhiteTeam "SK Mering"]
[BlackTeam "Schachges. Augsburg 1873"]

1.d4 Nf6 2.c4 g6 3.Nc3 Bg7 4.Nf3 O-O 5.e4 d6 6.h3 c5 7.d5 b5 8.cxb5 a6 9.
bxa6 Qa5 10.Bd2 Nbd7 11.Qc2 Bxa6 12.g3 Rfb8 13.a4 Qb4 14.Ra2 Bc4 15.Ra1 
Bxf1 16.Kxf1 Qxb2 17.Qxb2 Rxb2 18.Ke2 Ne8 19.Kd3 Nc7 20.Rhb1 Rab8 21.Rxb2 
Rxb2 22.Ra3 Na6 23.Nd1 Nb4+ 24.Ke2 Nc2 25.Nxb2 Nxa3 26.Nd1 Kf8 27.Bc3 Bxc3
28.Nxc3 Ke8 29.Nd2 Kd8 30.Kd1 Kc7 31.Kc1 Ne5 32.Kb2 Nac4+ 33.Nxc4 Nxc4+ 
34.Kb3 Nd2+ 35.Kc2 Nf3 36.Kd3 Kb6 37.Ke3 Nd4 38.Kd3 Ka5 39.e5 Kb4 40.exd6 
exd6 41.Ne4 Nf5 42.g4 c4+ 43.Kc2 Nd4+ 44.Kd2 f5 45.Nxd6 c3+ 46.Kc1 Kb3 47.
Nb5 Ne2+ 48.Kd1 c2+ 49.Kxe2 c1=Q 50.d6 Qc4+ 51.Kf3 Kxa4 52.gxf5 Kxb5 53.h4
gxf5 54.h5 Kc6 55.h6 Kxd6 56.Kg3 Qg4+ 57.Kh2 f4 58.f3 Qg3+ 59.Kh1 Qxf3+ 
60.Kh2 Qg4 0-1

[Event "27. Friedensfest-Open (AFRO-A)"]
[Site "Augsburg"]
[Date "2022.08.06"]
[Round "6.21"]
[White "Kraemer, Max"]
[Black "Niekisch, Dirk"]
[Result "1-0"]
[WhiteElo "2059"]
[BlackElo "1770"]
[EventDate "2022.08.04"]
[Time "15:30:00"]
[WhiteTeam "SK Caissa Augsburg"]
[BlackTeam "SV Worms 1878"]

1.d4 Nf6 2.c4 g6 3.Nc3 Bg7 4.e4 d6 5.Nf3 O-O 6.Be2 e5 7.Be3 Nc6 8.d5 Ne7 
9.Nd2 Nd7 10.b4 f5 11.f3 Nf6 12.O-O f4 13.Bf2 g5 14.c5 Ng6 15.Nc4 Ne8 16.
a4 Rf7 17.a5 Bf8 18.c6 bxc6 19.dxc6 a6 20.Nb6 cxb6 21.axb6 Kh8 22.Bc4 Rg7 
23.b5 a5 24.Bd5 Rb8 25.Rxa5 Rxb6 26.Ra8 Ne7 27.Be6 d5 28.Bxc8 Nxc8 29.Rxc8
Qxc8 30.Bxb6 d4 31.Nd5 Nd6 32.Qe2 g4 33.fxg4 d3 34.Qxd3 Qxg4 35.Rf2 Rf7 
36.Bc7 f3 37.Rxf3 Nxe4 38.Rxf7 Bc5+ 39.Ne3 Bd4 40.Bxe5+ Kg8 41.Rg7+ Qxg7 
1-0

[Event "27. Friedensfest-Open (AFRO-A)"]
[Site "Augsburg"]
[Date "2022.08.04"]
[Round "2.5"]
[White "Scheftlein, Richard"]
[Black "Wichmann, Adrian"]
[Result "1-0"]
[WhiteElo "2285"]
[BlackElo "2089"]
[EventDate "2022.08.04"]
[Time "15:30:00"]
[WhiteTeam "Erfurter SK"]
[BlackTeam "SC 1868 Bamberg"]

1.d4 Nf6 2.c4 g6 3.Nc3 d5 4.Nf3 Bg7 5.e3 O-O 6.Qb3 e6 7.Bd2 b6 8.cxd5 exd5
9.Be2 Bb7 10.O-O Nbd7 11.Rfd1 c6 12.a4 a5 13.Ne1 Re8 14.Nd3 Ba6 15.Nf4 
Bxe2 16.Ncxe2 Ne4 17.Rac1 Rc8 18.Be1 Ndf6 19.Rc2 Nd6 20.Rdc1 Nc4 21.Qd3 
Qc7 22.b3 Nd6 23.Rxc6 Qxc6 24.Rxc6 Rxc6 25.f3 Nf5 26.Bd2 Bh6 27.g4 Bxf4 
28.Nxf4 Ne7 29.Ne2 Rec8 30.Nc3 Ne8 31.Kg2 f5 32.gxf5 gxf5 33.Be1 Nd6 34.
Ne2 Nf7 35.h4 Rc2 36.h5 Rb2 37.Bh4 Kf8 38.Kg3 Nd6 39.Nc3 f4+ 40.Kxf4 Nef5 
41.Nb5 1-0

[Event "27. Friedensfest-Open (AFRO-A)"]
[Site "Augsburg"]
[Date "2022.08.05"]
[Round "3.35"]
[White "Bilandzic, Ante"]
[Black "Poniatowski, Pawel"]
[Result "0-1"]
[WhiteElo "1923"]
[BlackElo "2071"]
[EventDate "2022.08.04"]
[Time "09:30:00"]
[WhiteTeam "FC Bayern Muenchen e.V."]
[BlackTeam "SK Klosterlechfeld"]

1.d4 Nf6 2.Nf3 c6 3.Bf4 d6 4.Nbd2 Nh5 5.Bg5 h6 6.Bh4 g5 7.Bg3 g4 8.Nh4 
Nxg3 9.hxg3 Qb6 10.e3 Qxb2 11.Bd3 Nd7 12.O-O Nf6 13.Nc4 Qb4 14.a3 Qa4 15.
Qd2 b5 16.Na5 c5 17.dxc5 dxc5 18.Rfd1 Bd7 19.Nb7 Rc8 20.Rab1 Qa6 21.Rxb5 
c4 22.Bxc4 Rxc4 23.Rdb1 Rc8 24.Rc5 Rxc5 25.Nxc5 Qc8 26.Qd4 Rg8 27.Na6 Qxa6
28.Rb8+ Bc8 29.Qc3 Kd8 30.Nf5 Nd7 31.Ra8 Qb7 32.Qa5+ Qb6 33.Qc3 Qc5 34.Qd3
Rg5 35.Nd4 Qb6 36.Rb8 Nxb8 37.Ne6+ Ke8 0-1

[Event "27. Friedensfest-Open (AFRO-A)"]
[Site "Augsburg"]
[Date "2022.08.06"]
[Round "6.36"]
[White "Schoenwetter, Martin"]
[Black "Bilandzic, Ante"]
[Result "1-0"]
[WhiteElo "1498"]
[BlackElo "1923"]
[EventDate "2022.08.04"]
[Time "15:30:00"]
[WhiteTeam "Schachges. Augsburg 1873"]
[BlackTeam "FC Bayern Muenchen e.V."]

1.d4 Nf6 2.Nf3 b6 3.c4 e6 4.Bg5 Be7 5.e3 Bb7 6.Nc3 O-O 7.Be2 Ne4 8.Nxe4 
Bxe4 9.Bxe7 Qxe7 10.O-O f5 11.Bd3 Bb7 12.Qe2 Nc6 13.a3 Rf6 14.e4 fxe4 15.
Bxe4 Raf8 16.d5 Nd8 17.Rad1 e5 18.Qe3 d6 19.b4 Bc8 20.h3 Rf4 21.Rc1 h6 22.
Rc3 g5 23.g3 Qg7 24.Kh2 R4f7 25.c5 g4 26.Nh4 Ba6 27.Bd3 Bxd3 28.Rxd3 bxc5 
29.bxc5 gxh3 30.c6 Rf6 31.Qxa7 Qe7 32.Qe3 Nf7 33.Rd4 h5 34.Rd2 Nh6 35.Qg5+
Kh7 36.Qxh5 e4 37.Re2 Rg8 38.Rg1 Qf8 39.Rxe4 Rxf2+ 40.Kxh3 Rf1 41.Re7+ 
Qxe7 42.Rxf1 Rg5 43.Qf3 Qg7 44.Qe4+ Kg8 45.Rf3 Re5 46.Qg6 Qxg6 47.Nxg6 
Rh5+ 48.Kg2 Ng4 49.Nf4 Rh2+ 50.Kg1 Ra2 51.Ne6 1-0

[Event "27. Friedensfest-Open (AFRO-A)"]
[Site "Augsburg"]
[Date "2022.08.04"]
[Round "1.10"]
[White "Reis, Thomas"]
[Black "Baur, Frank"]
[Result "1-0"]
[WhiteElo "2193"]
[BlackElo "2018"]
[EventDate "2022.08.04"]
[WhiteTeam "SK Kriegshaber"]
[BlackTeam "SF Mengen"]

1.d4 Nf6 2.Nf3 c5 3.d5 b5 4.e4 Nxe4 5.Bd3 Qa5+ 6.Nbd2 Nf6 7.O-O c4 8.Be4 
d6 9.Re1 g6 10.a4 Bg7 11.Nd4 Bd7 12.Bf3 O-O 13.Rxe7 Na6 14.c3 Rae8 15.Rxd7
Nxd7 16.Nxb5 Ne5 17.Nxd6 Nxf3+ 18.Nxf3 Rd8 19.Nxc4 Qxd5 20.Qxd5 Rxd5 21.
Be3 Nc5 22.Kf1 Rfd8 23.Ke2 h6 24.h4 Nd3 25.Nd4 Nc5 26.Nc6 R8d7 27.Nb4 a5 
28.Nxd5 Rxd5 29.Nxa5 Ne4 30.Nc6 Rd6 31.Nd4 Ra6 32.Kd3 Nc5+ 33.Kc2 f5 34.
Nxf5 Rxa4 35.Rxa4 Nxa4 1-0

[Event "27. Friedensfest-Open (AFRO-A)"]
[Site "Augsburg"]
[Date "2022.08.05"]
[Round "4.20"]
[White "Gode, Gero"]
[Black "Hermann, Tobias"]
[Result "1/2-1/2"]
[WhiteElo "1754"]
[BlackElo "2060"]
[EventDate "2022.08.04"]
[Time "15:30:00"]
[WhiteTeam "SK Mering"]
[BlackTeam "SF Schwaigern"]

1.d4 Nf6 2.Nf3 d5 3.e3 c5 4.b3 cxd4 5.exd4 Bg4 6.Nbd2 e6 7.Be2 Nc6 8.Bb2 
Qa5 9.a3 Be7 10.O-O Rc8 11.Ne5 Bf5 12.b4 Qb6 13.Nb3 O-O 14.Bd3 Ne4 15.Nd7 
Qc7 16.Nxf8 Bxf8 17.f3 Nd6 18.Bxf5 Nxf5 19.Qd3 1/2-1/2

[Event "27. Friedensfest-Open (AFRO-A)"]
[Site "Augsburg"]
[Date "2022.08.05"]
[Round "3.14"]
[White "Luhn, Robert"]
[Black "Martin, Mike"]
[Result "0-1"]
[WhiteElo "1989"]
[BlackElo "2121"]
[EventDate "2022.08.04"]
[Time "09:30:00"]
[WhiteTeam "SK Caissa Augsburg"]
[BlackTeam "SV Worms 1878"]

1.d4 Nf6 2.Nf3 d5 3.c4 e6 4.Nc3 c6 5.Bg5 Nbd7 6.e3 Bd6 7.Bd3 O-O 8.O-O Re8
9.Qe2 dxc4 10.Bxc4 Qc7 11.Rac1 e5 12.Nb5 Qb8 13.Nxd6 Qxd6 14.dxe5 Nxe5 15.
Nxe5 Qxe5 16.Bf4 Qa5 17.Rfd1 Be6 18.h3 Bxc4 19.Qxc4 Re4 20.Qb3 Rb4 21.Qc2 
Qxa2 22.Be5 Qe6 23.Qc3 Rb5 24.Bd4 a6 25.Qa3 Re8 26.Rc5 Qb3 27.Qa1 Rxc5 28.
Bxc5 Ne4 29.Bd4 Qc2 30.Rf1 h6 31.b4 Nd2 32.Rc1 Qg6 33.Qc3 Nf3+ 34.Kh1 Nh4 
35.Rg1 Re6 36.Qc5 Qf5 37.Qa7 Qxf2 38.Qxb7 Qg3 0-1

[Event "27. Friedensfest-Open (AFRO-A)"]
[Site "Augsburg"]
[Date "2022.08.06"]
[Round "5.33"]
[White "Kwossek, Georg"]
[Black "Schindler, Alexander"]
[Result "1-0"]
[WhiteElo "1981"]
[BlackElo "1970"]
[EventDate "2022.08.04"]
[Time "09:30:00"]
[WhiteTeam "SC Kitzingen von 1905"]
[BlackTeam "SF Augsburg"]

1.d4 Nf6 2.Nf3 d5 3.e3 e6 4.Bd3 c5 5.b3 Nc6 6.Bb2 Be7 7.O-O O-O 8.Nbd2 b6 
9.Ne5 Bb7 10.f4 Rc8 11.a3 Nxe5 12.dxe5 Ne4 13.Rf3 c4 14.bxc4 Nxd2 15.Bxh7+
Kxh7 16.Rh3+ Kg8 17.Qh5 f6 18.f5 Bc5 19.Qh7+ Kf7 20.Qg6+ Ke7 21.Qxg7+ Rf7 
22.exf6+ Ke8 23.Rh8+ Bf8 24.Rxf8+ Rxf8 25.fxe6 Rc7 26.Qg6+ Rcf7 27.exf7+ 
Kd7 28.Qf5+ Kc7 29.Be5+ Kc6 30.Qe6+ Kc5 31.Qe7+ Kc6 32.Qe6+ Kc5 33.Qe7+ 
Kc6 34.Qxd8 Rxd8 35.cxd5+ Kxd5 36.Bc7 Rf8 37.Rd1 Kc6 38.Bd8 Rxd8 39.Rxd2 
Rf8 40.g4 Bc8 41.g5 Bf5 42.h4 Bg6 43.Kf2 Rxf7 44.Kf3 Kb5 45.Kg4 Rc7 46.h5 
Rc4+ 47.Rd4 Bf7 48.Rxc4 Kxc4 49.g6 1-0

[Event "27. Friedensfest-Open (AFRO-A)"]
[Site "Augsburg"]
[Date "2022.08.04"]
[Round "1.15"]
[White "Kwossek, Georg"]
[Black "Martin, Mike"]
[Result "0-1"]
[WhiteElo "1981"]
[BlackElo "2121"]
[EventDate "2022.08.04"]
[WhiteTeam "SC Kitzingen von 1905"]
[BlackTeam "SV Worms 1878"]

1.d4 Nf6 2.Nf3 d5 3.e3 c5 4.c3 Qb6 5.Bd3 Nc6 6.O-O Bg4 7.Nbd2 e6 8.Qa4 
Bxf3 9.Nxf3 Bd6 10.Ne5 c4 11.Be2 Bxe5 12.dxe5 Nd7 13.f4 Nc5 14.Qc2 g5 15.
Kh1 h5 16.Rb1 g4 17.b4 Ne4 18.Bxc4 h4 19.Bd3 O-O-O 20.Bxe4 dxe4 21.Qxe4 
Ne7 22.Qc4+ Kb8 23.Qc5 Qxc5 24.bxc5 Kc7 25.c4 h3 26.Rb3 Nf5 27.e4 hxg2+ 
28.Kxg2 Nh4+ 29.Kg3 Nf3 30.Rf2 Rdg8 31.Rg2 Nd4 32.Ra3 a6 33.Be3 Rh3+ 34.
Kf2 Rf3+ 35.Ke1 Rh3 36.Rd3 Nf3+ 37.Ke2 Nxh2 38.Bg1 Nf3 39.Bf2 Rh1 40.Rb3 
Rc1 41.c6 Kxc6 42.c5 Rc2+ 43.Kd1 Rxa2 44.Rb6+ Kc7 45.Rd6 Rh8 46.Kc1 Rh1+ 
0-1

[Event "27. Friedensfest-Open (AFRO-A)"]
[Site "Augsburg"]
[Date "2022.08.07"]
[Round "7.1"]
[White "Martin, Mike"]
[Black "Smith, Bryan"]
[Result "1/2-1/2"]
[WhiteElo "2121"]
[BlackElo "2414"]
[EventDate "2022.08.04"]
[Time "09:30:00"]
[WhiteTeam "SV Worms 1878"]
[BlackTeam "?"]

1.d4 Nf6 2.Nf3 e6 3.e3 b6 4.Bd3 Bb7 5.Nbd2 d5 6.O-O Bd6 7.c3 O-O 8.Qe2 Ne4
9.Ne5 Bxe5 10.dxe5 Nc5 11.Bc2 Ba6 12.c4 Nc6 13.b3 d4 14.Qh5 g6 15.Qh6 Nxe5
16.Bb2 Ng4 17.Qf4 dxe3 18.Nf3 exf2+ 19.Kh1 f5 20.Ne5 Qf6 21.Rab1 g5 22.Qg3
Nxe5 23.Bxe5 Qh6 24.Bb2 Bb7 25.Rxf2 Rac8 26.Re1 Be4 27.b4 1/2-1/2

[Event "27. Friedensfest-Open (AFRO-A)"]
[Site "Augsburg"]
[Date "2022.08.04"]
[Round "2.10"]
[White "Mayer, Arnd"]
[Black "Zeier, Klaus"]
[Result "1/2-1/2"]
[WhiteElo "2036"]
[BlackElo "2161"]
[EventDate "2022.08.04"]
[Time "15:30:00"]
[WhiteTeam "SV Jedesheim 1921"]
[BlackTeam "SK 1926 Ettlingen"]

1.d4 Nf6 2.Nf3 e6 3.Bf4 d5 4.e3 Bd6 5.Ne5 O-O 6.Nd2 c5 7.c3 Qc7 8.Bd3 Nbd7
9.Ndf3 Ne4 10.Nxd7 Bxd7 11.Bxd6 Qxd6 12.Bxe4 dxe4 13.Nd2 f5 14.Nc4 Qa6 15.
Ne5 Bb5 16.a4 Bc4 17.b3 Bd3 18.Nxd3 exd3 19.c4 cxd4 20.exd4 e5 21.Qxd3 
exd4 22.O-O Rad8 23.Rfe1 Qa5 24.Kf1 Qc7 25.g3 f4 26.Re4 Qd7 27.gxf4 Qd6 
28.Qg3 d3 29.Rd1 Qc6 30.f3 Qc5 31.Qf2 Qb4 32.Qb2 Rf6 33.Rd4 Re8 34.R4xd3 
Rxf4 35.Kg2 Qe7 36.Kh1 Rf6 37.Qf2 Qe5 38.R1d2 Rg6 39.Rd1 Rh6 40.Rd5 Qf4 
41.Rd8 Re6 42.Rxe8+ Rxe8 43.Rd3 Qc1+ 44.Kg2 h6 45.Qd2 Qb1 46.Re3 Qg6+ 47.
Kf2 Rxe3 48.Qxe3 Qc2+ 49.Kg3 Qg6+ 50.Kh3 Qh5+ 51.Kg2 Qg6+ 52.Kf2 Qc2+ 53.
Kg3 Qg6+ 54.Kf4 Qf6+ 55.Ke4 Qg6+ 56.Kd4 Qf6+ 57.Kd3 b6 58.Qe8+ 1/2-1/2